000 01076nam a2200253 a 4500
001 38138
003 BD-RjUL
005 20211209052731.0
008 150914r19931983bg a|||| b||| 00| 0 ben d
020 _a9840735764
035 _a(BD-RjUL)38243
040 _aBD-RjUL
_bben
_cBD-RjUL
041 _aben
082 _222
_a954.1400882971
_bAHU 1997
100 _aআহমদ, ওয়াকিল
_9117617
245 _aউনিশ শতকে বাঙালি মুসলমানের চিন্তা ও চেতনার ধারা /
_cওয়াকিল আহমদ
260 _aঢাকা :
_bবাংলা একাডেমী,
_c১৯৯৭
300 _a৬৭৮ পৃ. :
_bচিত্র ;
_c২২ সেমি.
504 _aগ্রন্থপঞ্জি সংযুক্ত
650 _aMuslims
_vHistory
_zIndia
_zBengal
_9118020
650 _aমুসলিম
_vইতিহাস
_zভারত
_zবাংলা
_9118022
650 _aMuslims --India --Bengal --Intellectual life --19th century.
_9118021
942 _2ddc
_cBK
_02
999 _c38138
_d38138